书目信息 |
| 题名: |
世界近代现代史
|
|
| 作者: | ;人民教育出版社历史室 编著 | |
| 分册: | (限选)下册 | |
| 出版信息: | 北京 人民教育出版社 1998 |
|
| 页数: | 179页 | |
| 开本: | 26cm | |
| 丛书名: | ||
| 单 册: | ||
| 中图分类: | G634.52 | |
| 科图分类: | ||
| 主题词: | 教育--各级 | |
| 电子资源: | ||
| ISBN: | 7-107-12577-X | |
| 000 | 00696nam0 2200205 450 | |
| 001 | 0632300265 | |
| 005 | 20061023085943.56 | |
| 010 | @a7-107-12577-X@dCNY10.40 | |
| 100 | @a20061023d1998 km y0chiy0120 ea | |
| 101 | 0 | @achi |
| 102 | @aCN@b110000 | |
| 200 | 1 | @a世界近代现代史@Ashi jie jin dai xian dai shi@f人民教育出版社历史室编著@Fren min jiao yu chu ban she li shi shi bian zhu@h(限选)下册 |
| 210 | @a北京@c人民教育出版社@d1998 | |
| 215 | @a179页@d26cm | |
| 300 | @a全日制普通高级中学教科书(试验本) | |
| 606 | 0 | @a教育@x各级 |
| 690 | @aG634.52@v3 | |
| 711 | 0 | @a人民教育出版社历史室@Aren min jiao yu chu ban she li shi shi@4编著 |
| 801 | 0 | @aCN@bPFT@c20061023 |
| 905 | @a10447@dG634.52@e631:2 | |
| 世界近代现代史/人民教育出版社历史室编著.(限选)下册.-北京:人民教育出版社,1998 |
| 179页;26cm |
| 全日制普通高级中学教科书(试验本) |
| ISBN 7-107-12577-X:CNY10.40 |
| ● |
| 相关链接 |
|
|
|
|
正题名:世界近代现代史
索取号:G634.52/631:2
 
预约/预借
| 序号 | 登录号 | 条形码 | 馆藏地/架位号 | 状态 | 备注 |
| 1 | 0504226 | 205042265 | 第一样本阅览室/ [索取号:G634.52/631:2] | 在馆 |